| 000 | 00828nam a2200265 a 4500 | ||
|---|---|---|---|
| 001 | 55171 | ||
| 003 | BD-RjUL | ||
| 005 | 20211209080227.0 | ||
| 008 | 161114s2007 enk 001 0 eng | ||
| 020 | _a978190520947755293 | ||
| 020 | _a1905209479 | ||
| 035 | _a(BD-RjUL)55293 | ||
| 040 |
_aDLC _cDLC _dDLC _dBD-RjUL _beng |
||
| 041 | 1 |
_aeng _hfre |
|
| 082 | 0 | 0 |
_223 _a004.62 _bMAN 2007 |
| 245 | 0 | 0 |
_aManagement, control, and evolution of IP networks / _cedited by Guy Pujolle. |
| 250 | _aFirst Asian Indian ed. | ||
| 260 |
_aLondon, UK : _bISTE, _c2007. |
||
| 300 |
_axvii, 642 p. : _bill. ; _c24 cm. |
||
| 504 | _aIncludes bibliographical references and index. | ||
| 650 | 0 |
_aComputer networks. _9164404 |
|
| 650 | 0 |
_aTCP/IP (Computer network protocol) _9118273 |
|
| 700 | 1 |
_aPujolle, G., _d1949- _9164405 |
|
| 942 |
_2ddc _cBK |
||
| 999 |
_c55171 _d55171 |
||